Phân tích trắc quang Phổ hấp thụ UV- vis

Phương pháp trắc quang là phương pháp phân tích hóa lí sử dụng phổ biến nhất trong các phương pháp hóa lí chủ yếu của phân tích trắc quang là hóa học các hợp chất phức hấp thụ ánh sáng

Kaydedildi:
Detaylı Bibliyografya
Yazar: Trần, Tứ Hiếu
Materyal Türü: Kitap
Dil:Vietnamese
Baskı/Yayın Bilgisi: Hà Nội Đại học quốc gia Hà Nội 2008
Edisyon:In lần thứ 2
Konular:
Etiketler: Etiketle
Etiket eklenmemiş, İlk siz ekleyin!
Thư viện lưu trữ: Trung tâm Học liệu Lê Vũ Hùng, Trường Đại học Đồng Tháp
LEADER 01344pam a22002658a 4500
001 00028144
005 20171026081022.0
008 120220s2008 ||||||viesd
020 |c 27500 
041 0 # |a vie 
082 1 4 |a 543  |b PH121T 
100 1 # |a Trần, Tứ Hiếu 
245 1 0 |a Phân tích trắc quang  |b Phổ hấp thụ UV- vis  |c Trần Tứ Hiếu 
250 # # |a In lần thứ 2 
260 # # |a Hà Nội  |b Đại học quốc gia Hà Nội  |c 2008 
300 # # |a 226tr.  |c 21cm. 
520 # # |a Phương pháp trắc quang là phương pháp phân tích hóa lí sử dụng phổ biến nhất trong các phương pháp hóa lí chủ yếu của phân tích trắc quang là hóa học các hợp chất phức hấp thụ ánh sáng 
653 # # |a Huỳnh quang 
653 # # |a Trắc quang 
653 # # |a Vật lí 
852 # # |b Kho mượn  |j KM0013010, KM0013011, KM0013012, KM0013013, KM0013014, KM0013015, KM0013016, KM0013017, KM0013018, KM0013019 
852 # # |b Kho đọc  |j KD.0012462 
852 # # |j KM.0013011  |j KM.0013012  |j KM.0013014  |j KM.0013015  |j KM.0013018  |j KM.0013019  |j KD.0012462  |j KM.0013010  |j KM.0013013  |j KM.0013016  |j KM.0013017 
910 0 # |a Ngân  |d 20/02/2012 
980 # # |a Trung tâm Học liệu Lê Vũ Hùng, Trường Đại học Đồng Tháp